02220nam a22003257a 4500003000900000008004100009040007100050082002400121110007400145245010800219260003200327300005100359440007500410505101600485650002901501650002201530650001001552650002301562650002801585700001801613700002201631700002901653700003201682700002201714700003101736700001901767700003001786700002301816710005501839AR-CdUCM190425b ||||| |||| 00| 0 spa d aMUNICIPALIDAD PROVINCIAL DEL CUSCOcBIBLIOTECA MUNICIPAL DEL CUSCO aRev.DIMA/N°12/1948 aInstituto y Museo Arqueológico de la Universidad Nacional del Cuzco aRevista del Instituto y Museo Arqueológico /cLuis A. Pardo, director, Universidad Nacional del Cuzco aCusco :bH.G. Rozas,c1948. a164 [22] páginas. :bilustraciones ;c21 cm. aRevista del Instituto y Museo Arqueológico.nAño VII, 1948. N°12. aContenido: Dos fortalezas antiguas poco conocidas. Luis A. Pardo. -- Elementos componentes de la decoración en ceramios incaicos. Fritz Buck. -- Economía y Derecho. Luis E. Valcárcel .-- Los primeros años del Museo Arqueológico de la Universidad del Cuzco. Alberto A. Giesecke. -- Tomasa Ttito Condemaita. Jorge Cornejo Bouroncle. -- Los padres Betlemitas del Cuzco y la rebelión de Tupac Amaru. Horacio Villanueva. -- Algunos aspectos etnológicos del Distrito de Chinchero, Ollantaitampu y Ollantai. Alfredo Yépez Miranda. -- Primer centenario del Museo Arqueológico de la Universidad del Cuzco. Luis A. Pardo. -- Machupijchu. Felipe Cossío del Pomar. -- Cuzco Capital Arqueológica de Sudamérica. Héctor Greslebin. -- Una despedida en Chachacomayocc. Ángel Carreño. -- Texto oficial de la consagración del Cuzco como capital Arqueológica. Feliz Cosió. -- Crónica. -- Exposición de los especímenes más importantes del Museo Arqueológico de la Universidad del Cuzco. aArqueología cusqueña aArquitectura Inka aInkas aHistoria del Cusco aTradiciones cusqueñas aPardo, Luis A aValcárcel, Luis aCornejo Bouroncle, Jorge aVillanueva Urteaga, Horacio aGiesecke, Alberto aCossío del Pomar, Felipe aCosio, Félix aFuentes Díaz, Guillermo aCarreño, Ángel aUniversidad Nacional de San Antonio Abad del Cusco